000 00846nam a22002297a 4500
001 8881
003 FISKH
005 20251211091152.0
008 251028b cb ||||| |||| 00| 0 eng d
020 _a9781432937508
040 _aFISKH
_beng
_cFISKH
_dFISKH
050 _aDG77.C37
082 _a937
100 _aCatel , Partick
245 _aWhat did the ancient romans do for me? /
_cPatrick Catel
260 _aIllinois :
_bHeinemann,
_c2011.
300 _a32 pages :
_bcolor illustrations ;
_c25 cm
520 _aFrom concrete to aqueducts to heating systems the Ancient Romans continue to influence all aspects of contemporary life. Read this book to find out more about how we encounter links to the ancient world every day.
650 _aAncient Civilizations
_vAncient History
_xAncient Rome
942 _2ddc
_cBK
_n0
999 _c8881
_d8881